The Oxford companion to the theatre, (Record no. 3011)

000 -LEADER
fixed length control field 00791nam a22002651 4500
001 - CONTROL NUMBER
control field 4063476
003 - CONTROL NUMBER IDENTIFIER
control field OSt
005 - DATE AND TIME OF LATEST TRANSACTION
control field 20160829164630.0
008 - FIXED-LENGTH DATA ELEMENTS--GENERAL INFORMATION
fixed length control field 731207s1967 enka d 000 0 eng
010 ## - LIBRARY OF CONGRESS CONTROL NUMBER
LC control number 67031943
015 ## - NATIONAL BIBLIOGRAPHY NUMBER
National bibliography number B***
040 ## - CATALOGING SOURCE
Original cataloging agency DLC
Transcribing agency DLC
Modifying agency DLC
050 00 - LIBRARY OF CONGRESS CALL NUMBER
Classification number REF PN2035.H3 1967
082 00 - DEWEY DECIMAL CLASSIFICATION NUMBER
Classification number 792/.03
100 1# - MAIN ENTRY--PERSONAL NAME
Personal name Hartnoll, Phyllis.
245 14 - TITLE STATEMENT
Title The Oxford companion to the theatre,
Statement of responsibility, etc edited by Phyllis Hartnoll.
250 ## - EDITION STATEMENT
Edition statement 3rd ed.
260 ## - PUBLICATION, DISTRIBUTION, ETC. (IMPRINT)
Place of publication, distribution, etc London,
-- New York, [etc.]
Name of publisher, distributor, etc Oxford U.P.,
Date of publication, distribution, etc 1967.
300 ## - PHYSICAL DESCRIPTION
Extent xv, 1088 p.
Other physical details illus.
Dimensions 25 cm.
350 ## - PRICE (NR) (BK AM CF MU VM SE) [OBSOLETE]
Price unpriced
500 ## - GENERAL NOTE
General note "Select list of theatre books, compiled by D. M. Moore": p. 1029-1074.
650 #0 - SUBJECT ADDED ENTRY--TOPICAL TERM
Topical term or geographic name as entry element Theater
General subdivision Dictionaries.
906 ## - LOCAL DATA ELEMENT F, LDF (RLIN)
a 7
b cbc
c orignew
d u
e ocip
f 19
g y-gencatlg
942 ## - ADDED ENTRY ELEMENTS (KOHA)
Source of classification or shelving scheme
Koha item type Reference material
Holdings
Withdrawn status Lost status Source of classification or shelving scheme Damaged status Not for loan Home library Current library Date acquired Total Checkouts Full call number Barcode Date last seen Copy number Price effective from Koha item type
          Riara University Library Riara University Library 29/08/2016   REF PN2035.H3 1967 7385/16 29/08/2016 C.1 29/08/2016 Reference material

Riara University Library,
P.O. Box 49940-00100,
Nairobi, Kenya.